Pearl of Persia (Persepolis) / (Record no. 27551)

MARC details
000 -LEADER
campo de control de longitud fija 00806cam a22002534a 4500
001 - NÚMERO DE CONTROL
campo de control 48484
005 - FECHA Y HORA DE LA ÚLTIMA TRANSACCIÓN
campo de control 20230410103856.0
008 - DATOS DE LONGITUD FIJA--INFORMACIÓN GENERAL
campo de control de longitud fija 060421s2004 ir a 000 0 per
010 ## - NÚMERO DE CONTROL DE LA BIBLIOTECA DEL CONGRESO
Número de control de LC 2006398252
020 ## - NÚMERO INTERNACIONAL ESTÁNDAR DEL LIBRO
Número Internacional Estándar del Libro 9649498117
040 ## - FUENTE DE CATALOGACIÓN
Centro catalogador/agencia de origen DLC-R
Centro/agencia transcriptor DLC-R
041 0# - CÓDIGO DE IDIOMA
Código de lengua del texto/banda sonora o título independiente per
-- eng
050 14 - SIGNATURA TOPOGRÁFICA DE LA BIBLIOTECA DEL CONGRESO
Número de clasificación 415 DS 262
Número de ítem A517p 2004
100 1# - ENTRADA PRINCIPAL--NOMBRE DE PERSONA
Nombre de persona Amir Yeganeh, Homayoon.
245 10 - MENCIÓN DEL TÍTULO
Título Pearl of Persia (Persepolis) /
Mención de responsabilidad, etc. Homayoon Amir Yeganeh ; text Nadereh Nafisi ; traslation Pooneh Saeedi.
260 ## - PUBLICACIÓN, DISTRIBUCIÓN, ETC.
Lugar de publicación, distribución, etc. Tehran :
Nombre del editor, distribuidor, etc. Gooya Art House,
Fecha de publicación, distribución, etc. [2004].
300 ## - DESCRIPCIÓN FÍSICA
Extensión 152 p. :
Otras características físicas chiefly col. il.
546 ## - NOTA DE IDIOMA
Nota de lengua/lenguaje Texto bilingue, Persio e Inglés.
651 #0 - PUNTO DE ACCESO ADICIONAL DE MATERIA--NOMBRE GEOGRÁFICO
Nombre geográfico Persepolis (Iran)
Subdivisión de forma Pictorial works.
651 #0 - PUNTO DE ACCESO ADICIONAL DE MATERIA--NOMBRE GEOGRÁFICO
Nombre geográfico Iran
Subdivisión general Antiquities
Subdivisión de forma Pictorial works.
700 1# - ENTRADA AGREGADA--NOMBRE PERSONAL
Nombre de persona Nafisi, Nadereh.
700 1# - ENTRADA AGREGADA--NOMBRE PERSONAL
Nombre de persona Saeedi, Pooneh.,
Término indicativo de función/relación tr.
942 ## - ELEMENTOS DE ENTRADA SECUNDARIOS (KOHA)
Fuente del sistema de clasificación o colocación Clasificación de Library of Congress
Tipo de ítem Koha
Holdings
Estatus retirado Estado de pérdida Fuente del sistema de clasificación o colocación Estado de daño No para préstamo Colección Biblioteca de origen Biblioteca actual Ubicación en estantería Fecha de adquisición Serial enumeration / chronology Signatura topográfica completa Código de barras Visto por última vez Copia número Tipo de ítem Koha
    Clasificación de Library of Congress     Recursos Regionales Biblioteca Juan Bosch Biblioteca Juan Bosch Recursos Regionales (2do. Piso) 10/04/2023 1 415 DS 262 A517p 2004 00000049905 23/10/2018 1